| 000 | 00882nac a22002531u 4500 | ||
|---|---|---|---|
| 010 | _a 2005939171 | ||
| 020 | _a9780387317342 (acid-free paper) | ||
| 020 | _a0387317341 (acid-free paper) | ||
| 035 | _a(CStRLIN)NYCXV5992109-B | ||
| 082 | 0 | 0 |
_a665.538 _bMUL |
| 090 |
_c7942 _d7942 |
||
| 100 | _aMullins, Oliver C. [ed | ||
| 245 | 0 | 0 |
_aAsphaltenes, heavy oils, and petroleomics / _cedited by Oliver C. Mullins ... [et al.]. |
| 260 |
_aNew York : _bSpringer,c2007. _cc2007. |
||
| 300 |
_axxi, 669 p. : _bill. (some col.) ; _c25 cm. |
||
| 500 | _aDistributer: Al-Ahram. | ||
| 504 | _aIncludes bibliographical references and index. | ||
| 511 | _aCatalogued By: Mahitab. | ||
| 650 | 0 |
_aAsphaltene _xAnalysis. |
|
| 650 | 0 |
_aPetroleum _xAnalysis. |
|
| 650 | 0 |
_aHeavy oil _xAnalysis. |
|
| 700 | 1 | _aMullins, Oliver C. | |
| 942 |
_cBB _k665.538MUL |
||
| 999 |
_c7942 _d7942 |
||